ბათუმის შოთა რუსთაველის სახელმწიფო უნივერსიტეტის ბიბლიოთეკა

Технология бетонных и железобетонных изделии. (ბიბ.ჩანაწერი № 50732)

000 -LEADER
fixed length control field 00760nam a2200229Ia 4500
001 - CONTROL NUMBER
control field 17684
003 - CONTROL NUMBER IDENTIFIER
control field GE_BSU
008 - FIXED-LENGTH DATA ELEMENTS--GENERAL INFORMATION
fixed length control field 181216s||||||||xx |||||||||||||| ||und||
040 ## - CATALOGING SOURCE
Transcribing agency GE_BSU
080 ## - UNIVERSAL DECIMAL CLASSIFICATION NUMBER
Universal Decimal Classification number 693(075.8)
100 ## - MAIN ENTRY--PERSONAL NAME
Personal name Стефанов,Б.В.
245 ## - TITLE STATEMENT
Title Технология бетонных и железобетонных изделии.
245 ## - TITLE STATEMENT
Remainder of title Учебник.
245 ## - TITLE STATEMENT
Statement of responsibility, etc. Ред. Т.А.Спивак.
250 ## - EDITION STATEMENT
Edition statement Изд. второе, перер. и доп.
260 ## - PUBLICATION, DISTRIBUTION, ETC.
Place of publication, distribution, etc. Киев.
260 ## - PUBLICATION, DISTRIBUTION, ETC.
Name of publisher, distributor, etc. Виша школа.
260 ## - PUBLICATION, DISTRIBUTION, ETC.
Date of publication, distribution, etc. 1972.
300 ## - PHYSICAL DESCRIPTION
Extent 356 стр. с илл. 21 см. Библиогр.: стр. 354.
653 ## - INDEX TERM--UNCONTROLLED
Uncontrolled term Технология бетонных и железобетонных изделии.
942 ## - ADDED ENTRY ELEMENTS (KOHA)
Koha item type წიგნი
ეგზემპლარები
Withdrawn status Lost status Damaged status Not for loan Date acquired Barcode Date last seen Price effective from Koha item type
        2018-12-17 10044 2018-12-17 2018-12-17 წიგნი
        2018-12-17 10045 2018-12-17 2018-12-17 წიგნი